000 00481cam a2200205ua 4500
001 6266
005 20260515114025.0
008 131127n ii |||gr||||Z||||||eng
020 _a0 273 00836 6
040 _cMAIN
082 _a657
245 1 1 _aAccountancy
_cBy William Pickles
250 _a4rth ed.
260 _aGreat britain:
_bELBS,
_c1976.
300 _aviii,723p.
653 _acommerce
653 _aAccountancy
700 1 _aPickles,Williams,
_eAuthor.
942 _cBK
999 _c5413
_d5413